The everything pregnancy organizer : monthly ... Read More
Available copies
- 1 of 1 copy available at LARL/NWRL Consortium.
Current holds
0 current holds with 1 total copy.
Show Only Available Copies
| Location | Call Number / Copy Notes | Barcode | Shelving Location | Status | Due Date |
|---|---|---|---|---|---|
| Greenbush Public Library | 618.24 SMO (Text) | 35500003647482 | Main | Available | - |
Record details
- ISBN: 1580623360 (pbk.)
- Physical Description: xiv, 322 p. : col. ill. ; 20 cm.
- Publisher: Holbrook, Mass. : Adams Media Corp., c2000.
Content descriptions
| General Note: | "Countdown to the big event!"--Cover. Spiral bound with pockets in front and back. |
Search for related items by subject
| Subject: | Pregnancy > Miscellanea. Pregnancy > Popular works. Childbirth > Popular works. |
Search for related items by series
| LDR | 01064cam a2200277 a 4500 | ||
|---|---|---|---|
| 001 | 60602 | ||
| 003 | LARL_NWRL_CONSORTIUM | ||
| 005 | 20020208102214.0 | ||
| 008 | 001116s1999 maua f 000 0 eng d | ||
| 020 | . | ‡a1580623360 (pbk.) | |
| 042 | . | ‡alccopycat | |
| 082 | 0 | 0. | ‡a618.2/4 ‡221 |
| 100 | 1 | . | ‡aSmolen, Marguerite. ‡0(LARL_NWRL_CONSORTIUM)188936 |
| 245 | 1 | 4. | ‡aThe everything pregnancy organizer : ‡bmonthly checklists, calendars, schedules, and more / ‡cMarguerite Smolen. |
| 246 | 3 | 0. | ‡aPregnancy organizer |
| 260 | . | ‡aHolbrook, Mass. : ‡bAdams Media Corp., ‡cc2000. | |
| 300 | . | ‡axiv, 322 p. : ‡bcol. ill. ; ‡c20 cm. | |
| 490 | 0 | . | ‡aEverything pregnancy |
| 500 | . | ‡a"Countdown to the big event!"--Cover. | |
| 500 | . | ‡aSpiral bound with pockets in front and back. | |
| 650 | 0. | ‡aPregnancy ‡vMiscellanea. ‡0(LARL_NWRL_CONSORTIUM)166909 | |
| 650 | 0. | ‡aPregnancy ‡vPopular works. ‡0(LARL_NWRL_CONSORTIUM)40132 | |
| 650 | 0. | ‡aChildbirth ‡vPopular works. ‡0(LARL_NWRL_CONSORTIUM)164215 | |
| 901 | . | ‡a60602 ‡bISxN ‡c60602 ‡tbiblio | |

Add to basket
Permalink
Disable Highlighting